| 000 | 00433nam a2200145 a 4500 | ||
|---|---|---|---|
| 001 | 000025887 | ||
| 005 | 20200930024127.0 | ||
| 008 | 110224s2003 dr 000 0 spa d | ||
| 040 |
_aDO-SdBNP _bspa _cBNPHU |
||
| 245 | 0 | 0 |
_aInstrutivo para socios / _cJuan Aníbal Abreu. |
| 260 |
_aSanto Domingo : _bCooperativa Sán José, _c2003. |
||
| 300 |
_a40 p. : _bil., retrs. ; _c22 cm. |
||
| 700 | 1 |
_aAbreu, Juan Aníbal _952746 |
|
| 049 | _aBNPD | ||
| 999 |
_c25379 _d25379 |
||